El abate Viscardo (Registro nro. 12408)

Detalles MARC
000 -LEADER
campo de control de longitud fija 01102nam a2200289 i 4500
001 - NÚMERO DE CONTROL
campo de control 12408
003 - IDENTIFICADOR DE NÚMERO DE CONTROL
campo de control ES-MaACL
005 - FECHA Y HORA DE LA ÚLTIMA TRANSACCIÓN
campo de control 20250801101059.0
007 - CAMPO FIJO DE DESCRIPCIÓN FÍSICA--INFORMACIÓN GENERAL
campo de control de longitud fija t|
008 - DATOS DE LONGITUD FIJA--INFORMACIÓN GENERAL
campo de control de longitud fija 960228s1995 sp |||| |dspa j
020 ## - NÚMERO INTERNACIONAL ESTÁNDAR DEL LIBRO
Número Internacional Estándar del Libro 84-7100-627-8
080 ## - NÚMERO DE LA CLASIFICACIÓN DECIMAL UNIVERSAL
Número de la Clasificación Decimal Universal 929 Viscardo y Guzmán, Juan Pablo
080 ## - NÚMERO DE LA CLASIFICACIÓN DECIMAL UNIVERSAL
Número de la Clasificación Decimal Universal 271.5(8=60)"17"
100 1# - ENTRADA PRINCIPAL--NOMBRE DE PERSONA
Nombre de persona Batllori, Miguel.
9 (RLIN) 26460
245 13 - MENCIÓN DEL TÍTULO
Título El abate Viscardo
Resto del título : historia y mito de la intervención de los jesuitas en la independencia de Hispanoamérica /
Mención de responsabilidad, etc. Miguel Batllori.
250 ## - MENCION DE EDICION
Mención de edición Nueva ed.
260 ## - PUBLICACIÓN, DISTRIBUCIÓN, ETC.
Lugar de publicación, distribución, etc. Madrid :
Nombre del editor, distribuidor, etc. MAPFRE,
Fecha de publicación, distribución, etc. 1995.
300 ## - DESCRIPCIÓN FÍSICA
Extensión 393 p. ;
Dimensiones 23 cm.
490 1# - MENCIÓN DE SERIE
Mención de serie Relaciones entre España y América ;
Designación de volumen o secuencia 24
500 ## - NOTA GENERAL
Nota general Incluye reprod. de: Carta dirijida a los españoles americanos / Juan Pablo Viscardo. Londres : P. Boyle, 1801.
600 14 - PUNTO DE ACCESO ADICIONAL DE MATERIA--NOMBRE DE PERSONA
Nombre de persona Viscardo y Guzmán, Juan Pablo.
9 (RLIN) 115478
610 27 - PUNTO DE ACCESO ADICIONAL DE MATERIA--NOMBRE DE ENTIDAD CORPORATIVA
Nombre de entidad corporativa o nombre de jurisdicción como elemento de entrada Jesuitas-
Subdivisión geográfica América española.
9 (RLIN) 169003
700 1# - ENTRADA AGREGADA--NOMBRE PERSONAL
Nombre de persona Viscardo y Guzmán, Juan Pablo.
9 (RLIN) 115478
830 00 - PUNTO DE ACCESO ADICIONAL DE SERIE-TÍTULO UNIFORME
Título uniforme Colección Relaciones entre España y América
Designación de volumen o secuencia 24
9 (RLIN) 179037
852 ## - LOCALIZACIÓN
Ubicación ES-MaACL
Número de control de estantería L-19730
Existencias
Estatus retirado Estado de pérdida Estado de daño No para préstamo Biblioteca de origen Biblioteca actual Ubicación en estantería Fecha de adquisición Fuente de adquisición Total de préstamos Signatura topográfica completa Código de barras Visto por última vez Precio de reemplazo Tipo de ítem Koha
        Biblioteca del Ateneo de Madrid Biblioteca del Ateneo de Madrid Depósito 2 17/01/2008     L-19730 1012643 23/02/2023 23/02/2023 Libro impreso